| 000 | 00000nam##2200000za#4500 |
| 001 | 9.601268 |
| 003 | CaOODSP |
| 005 | 20220623094112 |
| 007 | cr ||||||||||| |
| 008 | 150406|2000||||xxc|||||o f|0| 0 fre|d |
| 040 | |aCaOODSP|bfre |
| 043 | |an-cn--- |
| 086 | 1 |aC21-23/23-2000F-PDF |
| 110 | 1 |aCanada. |bIndustrie Canada. |
| 245 | 10|aLiens entre changement technologique et croissance de la productivité : |h[ressource électronique]|bdocument hors-série n° 23, mai 2000 / |cpar Steven Globerman. |
| 260 | |aOttawa - Ontario : |bIndustrie Canada |cMai 2000. |
| 300 | |a68p.|btableaux |
| 490 | 1 |aDocument hors série|vN° 23 |
| 500 | |aLe n° de catalogue (C21-23/23-2000) et l'ISBN (0-662-64787-4) de l'édition imprimée bilingue ont été incorrectement copiés dans l'édition électronique. |
| 504 | |aBibliographie. |
| 590 | |a11-09-Supp|b2011-06-30 |
| 720 | 1 |aGloberman, Steven |
| 775 | 08|tLinkages between technological change and productivity growth : |w(CaOODSP)9.570620 |
| 776 | 0#|tLinkages between technological change and productivity growth / |w(CaOODSP)9.533624 |
| 776 | 0#|tLiens entre changement technologique et croissance de la productivité / |w(CaOODSP)9.533625 |
| 830 | #0|aDocument hors série (Canada. Industrie Canada)|vN° 23|w(CaOODSP)9.501162 |
| 856 | 40|ahttp://publications.gc.ca|qPDF|s604 Ko|uhttps://publications.gc.ca/collections/Collection/C21-23-23-2000F.pdf|yN° 23 |